| 000 | 00464nam a2200181 a 4500 | ||
|---|---|---|---|
| 001 | 5431 | ||
| 003 | CO-ViMGA | ||
| 008 | 141112s2004 ck r 000 u spa d | ||
| 040 |
_aCO-ViMGA _bspa _cCO-ViMGA |
||
| 082 | 0 | 4 | _a133.32424 C151 |
| 100 | 1 |
_aCamargo, Pedro _93729 |
|
| 245 | 1 | 0 | _aIniciación al tarot |
| 260 |
_aSantafé de Bogotá : _bPanAméricana, _c1995 |
||
| 300 | _a258 p : il | ||
| 490 | _aIniciación nueva era | ||
| 650 | 1 | 4 | _aTAROT |
| 942 |
_2ddc _cBK |
||
| 999 |
_c17418 _d17418 |
||